000 00512nam a2200193 a 4500
005 20140414132121.0
008 120906s19uu xx 00 eng d
020 _a9789814070263
050 _aTR 372.6
_bAl416 2008
100 _aAllen, Rosemary
245 _aGrammar skills 2.
260 _aSingapore :
_bLearners Pub,
_c2008.
300 _a84
440 _aEnglish Language Workshop
500 _aoriginal copyright 2001
650 _aGrammar-parts of the speech.
999 _c115081
_d115081